000 00460nam a22001817a 4500
003 MPLRDC
005 20220104124703.0
008 210129b ||||| |||| 00| 0 eng d
020 _a7-5306-1315-4
082 _a857.457 YDYF v.2
100 _a粤东渔父
245 _a故宫外史. 下
_c金刚等整理
250 _a一版一刷
260 _a
_b百花文艺出版社
_c1993
300 _b
650 _a历史小说
942 _cBK
_o857.457 YDYF v.2
999 _c21344
_d21334